Comics and Videogames : From Hybrid Medialities to Transmedia Expansions.

Bibliographic Details
Main Author: Rauscher, Andreas.
Other Authors: Stein, Daniel., Thon, Jan-Noël.
Format: eBook
Language:English
Published: Milton : Taylor & Francis Group, 2020.
Edition:1st ed.
Series:Routledge Advances in Game Studies
Subjects:
Online Access:Click to View
LEADER 01612nam a22004093i 4500
001 EBC7245182
003 MiAaPQ
005 20231204023229.0
006 m o d |
007 cr cnu||||||||
008 231204s2020 xx o ||||0 eng d
020 |a 9781000224214  |q (electronic bk.) 
020 |z 9780367474195 
035 |a (MiAaPQ)EBC7245182 
035 |a (Au-PeEL)EBL7245182 
035 |a (OCoLC)1378932884 
040 |a MiAaPQ  |b eng  |e rda  |e pn  |c MiAaPQ  |d MiAaPQ 
082 0 |a 794.8 
100 1 |a Rauscher, Andreas. 
245 1 0 |a Comics and Videogames :  |b From Hybrid Medialities to Transmedia Expansions. 
250 |a 1st ed. 
264 1 |a Milton :  |b Taylor & Francis Group,  |c 2020. 
264 4 |c ©2021. 
300 |a 1 online resource (279 pages) 
336 |a text  |b txt  |2 rdacontent 
337 |a computer  |b c  |2 rdamedia 
338 |a online resource  |b cr  |2 rdacarrier 
490 1 |a Routledge Advances in Game Studies 
588 |a Description based on publisher supplied metadata and other sources. 
590 |a Electronic reproduction. Ann Arbor, Michigan : ProQuest Ebook Central, 2023. Available via World Wide Web. Access may be limited to ProQuest Ebook Central affiliated libraries.  
655 4 |a Electronic books. 
700 1 |a Stein, Daniel. 
700 1 |a Thon, Jan-Noël. 
776 0 8 |i Print version:  |a Rauscher, Andreas  |t Comics and Videogames  |d Milton : Taylor & Francis Group,c2020  |z 9780367474195 
797 2 |a ProQuest (Firm) 
830 0 |a Routledge Advances in Game Studies 
856 4 0 |u https://ebookcentral.proquest.com/lib/matrademy/detail.action?docID=7245182  |z Click to View